<?xml version="1.0" encoding="UTF-8"?>
<record
    xmlns:xsi="http://www.w3.org/2001/XMLSchema-instance"
    xsi:schemaLocation="http://www.loc.gov/MARC21/slim http://www.loc.gov/standards/marcxml/schema/MARC21slim.xsd"
    xmlns="http://www.loc.gov/MARC21/slim">

  <leader>00608nam a22001577a 4500</leader>
  <controlfield tag="003">OSt</controlfield>
  <controlfield tag="005">20190717131907.0</controlfield>
  <controlfield tag="008">190717b        xxu||||| |||| 00| 0 eng d</controlfield>
  <datafield tag="040" ind1=" " ind2=" ">
    <subfield code="c">RUA</subfield>
  </datafield>
  <datafield tag="082" ind1=" " ind2=" ">
    <subfield code="a">AGR PHO 2017 B636 Or.1</subfield>
  </datafield>
  <datafield tag="100" ind1=" " ind2=" ">
    <subfield code="9">13661</subfield>
    <subfield code="a">PHORN RA &#x1797;&#x17B6;&#x1793;&#x17CB;&#x179A;&#x17C9;&#x17B6;</subfield>
  </datafield>
  <datafield tag="245" ind1=" " ind2=" ">
    <subfield code="a">effect of water hyacinth rates in straw on growth of straw mushroom &#x17A5;&#x1791;&#x17D2;&#x1792;&#x1796;&#x179B;&#x1793;&#x17C3;&#x1780;&#x17A2;&#x178F;&#x17D2;&#x179A;&#x17B6;&#x1780;&#x17C6;&#x1794;&#x17D2;&#x179B;&#x17C4;&#x1780;&#x1780;&#x17D2;&#x1793;&#x17BB;&#x1784;&#x1785;&#x17C6;&#x1794;&#x17BE;&#x1784;&#x179B;&#x17BE;&#x1780;&#x17B6;&#x179A;&#x179B;&#x17BC;&#x178F;&#x179B;&#x17B6;&#x179F;&#x17CB;&#x1795;&#x17D2;&#x179F;&#x17B7;&#x178F;&#x1785;&#x17C6;&#x1794;&#x17BE;&#x1784;</subfield>
  </datafield>
  <datafield tag="260" ind1=" " ind2=" ">
    <subfield code="a">RUA</subfield>
    <subfield code="b">Phnom penh</subfield>
    <subfield code="c">2017</subfield>
  </datafield>
  <datafield tag="300" ind1=" " ind2=" ">
    <subfield code="a">ix;42p</subfield>
    <subfield code="b">ill;</subfield>
    <subfield code="c">29cm</subfield>
  </datafield>
  <datafield tag="942" ind1=" " ind2=" ">
    <subfield code="2">ddc</subfield>
    <subfield code="c">AGR</subfield>
  </datafield>
  <datafield tag="999" ind1=" " ind2=" ">
    <subfield code="c">17995</subfield>
    <subfield code="d">17995</subfield>
  </datafield>
  <datafield tag="952" ind1=" " ind2=" ">
    <subfield code="0">0</subfield>
    <subfield code="1">0</subfield>
    <subfield code="2">ddc</subfield>
    <subfield code="4">0</subfield>
    <subfield code="6">AGR_PHO_2017_000000000000000_B636_OR_1</subfield>
    <subfield code="7">0</subfield>
    <subfield code="9">79625</subfield>
    <subfield code="a">LBB</subfield>
    <subfield code="b">LBB</subfield>
    <subfield code="c">B636</subfield>
    <subfield code="d">2019-07-17</subfield>
    <subfield code="o">AGR PHO 2017 B636 Or.1</subfield>
    <subfield code="p">A41086</subfield>
    <subfield code="r">2019-07-17</subfield>
    <subfield code="w">2019-07-17</subfield>
    <subfield code="y">AGR</subfield>
  </datafield>
  <datafield tag="952" ind1=" " ind2=" ">
    <subfield code="0">0</subfield>
    <subfield code="1">0</subfield>
    <subfield code="2">ddc</subfield>
    <subfield code="4">0</subfield>
    <subfield code="6">AGR_PHO_2017_000000000000000_B636_OR_2</subfield>
    <subfield code="7">0</subfield>
    <subfield code="9">79626</subfield>
    <subfield code="a">LBB</subfield>
    <subfield code="b">LBB</subfield>
    <subfield code="c">B636</subfield>
    <subfield code="d">2019-07-17</subfield>
    <subfield code="o">AGR PHO 2017 B636 Or.2</subfield>
    <subfield code="p">A40755</subfield>
    <subfield code="r">2019-07-17</subfield>
    <subfield code="w">2019-07-17</subfield>
    <subfield code="y">AGR</subfield>
  </datafield>
  <datafield tag="952" ind1=" " ind2=" ">
    <subfield code="0">0</subfield>
    <subfield code="1">0</subfield>
    <subfield code="2">ddc</subfield>
    <subfield code="4">0</subfield>
    <subfield code="6">AGR_PHO_2017_000000000000000_B636_OR_3</subfield>
    <subfield code="7">0</subfield>
    <subfield code="9">79627</subfield>
    <subfield code="a">LBB</subfield>
    <subfield code="b">LBB</subfield>
    <subfield code="c">B636</subfield>
    <subfield code="d">2019-07-17</subfield>
    <subfield code="l">2</subfield>
    <subfield code="o">AGR PHO 2017 B636 Or.3</subfield>
    <subfield code="p">A40487</subfield>
    <subfield code="r">2023-01-09</subfield>
    <subfield code="s">2022-12-09</subfield>
    <subfield code="w">2019-07-17</subfield>
    <subfield code="y">AGR</subfield>
  </datafield>
  <datafield tag="952" ind1=" " ind2=" ">
    <subfield code="0">0</subfield>
    <subfield code="1">0</subfield>
    <subfield code="2">ddc</subfield>
    <subfield code="4">0</subfield>
    <subfield code="6">AGR_PHO_2017_000000000000000_B636_OR_4</subfield>
    <subfield code="7">0</subfield>
    <subfield code="9">79628</subfield>
    <subfield code="a">LBB</subfield>
    <subfield code="b">LBB</subfield>
    <subfield code="c">B636</subfield>
    <subfield code="d">2019-07-17</subfield>
    <subfield code="o">AGR PHO 2017 B636 Or.4</subfield>
    <subfield code="p">A40477</subfield>
    <subfield code="r">2019-07-17</subfield>
    <subfield code="w">2019-07-17</subfield>
    <subfield code="y">AGR</subfield>
  </datafield>
  <datafield tag="952" ind1=" " ind2=" ">
    <subfield code="0">0</subfield>
    <subfield code="1">0</subfield>
    <subfield code="2">ddc</subfield>
    <subfield code="4">0</subfield>
    <subfield code="6">AGR_PHO_2017_000000000000000_B636_OR_5</subfield>
    <subfield code="7">0</subfield>
    <subfield code="9">79629</subfield>
    <subfield code="a">LBB</subfield>
    <subfield code="b">LBB</subfield>
    <subfield code="c">B636</subfield>
    <subfield code="d">2019-07-17</subfield>
    <subfield code="l">5</subfield>
    <subfield code="o">AGR PHO 2017 B636 Or.5</subfield>
    <subfield code="p">A40684</subfield>
    <subfield code="r">2024-11-19</subfield>
    <subfield code="s">2024-11-01</subfield>
    <subfield code="w">2019-07-17</subfield>
    <subfield code="y">AGR</subfield>
  </datafield>
  <datafield tag="952" ind1=" " ind2=" ">
    <subfield code="0">0</subfield>
    <subfield code="1">0</subfield>
    <subfield code="2">ddc</subfield>
    <subfield code="4">0</subfield>
    <subfield code="6">AGR_PHO_2017_000000000000000_B636_OR_6</subfield>
    <subfield code="7">0</subfield>
    <subfield code="9">79630</subfield>
    <subfield code="a">LBB</subfield>
    <subfield code="b">LBB</subfield>
    <subfield code="c">B636</subfield>
    <subfield code="d">2019-07-17</subfield>
    <subfield code="o">AGR PHO 2017 B636 Or.6</subfield>
    <subfield code="p">A40332</subfield>
    <subfield code="r">2019-07-17</subfield>
    <subfield code="w">2019-07-17</subfield>
    <subfield code="y">AGR</subfield>
  </datafield>
</record>
